00537nam a22002057a 450000500170000001000110001702000100002803500110003803700160004904000120006508200130007710000200009024500540011026000400016427000110020430000240021550000190023965000370025865000360029520170124110124.0 a147107 c00.00 a147107 bCen Lib/Ret aDPLbEN a921bHUS aHusain, S. Abid aThe way of Gandhi and Nehru /cby S. Abid Hussain bAsia Publishing HouseaBombayc1959 bBombay axiv,182p. c21m(Hb) aIncludes index aGandhi, -- Mahatma, -- 1869-1948 aNehru, Jawaharlal, -- 1889-1964